000
00269nam a2200097Ia 4500
001
1250515
005
20251031150857.0
008
251031s9999 xx 000 0 und d
245
0
_c
YÜKSEL YILMAZ
_a
I-1 NÖROLOJİK OLARAK RİSKLİ BEBEK
260
_b
HAYY KİTAP YAYINLARI
999
_c
1250515
_d
1250515